Annales (Registro nro. 53645)
[ vista simple ]
| 000 -CABECERA | |
|---|---|
| Longitud fija campo de control | 01050nas a2200313.c 4500 |
| 001 - NÚMERO DE CONTROL | |
| Número de control | 53645 |
| 003 - IDENTIFICADOR DE NÚMERO DE CONTROL | |
| Identificador del número de control | ES-MaCES |
| 005 - FECHA Y HORA DE LA ÚLTIMA TRANSACCIÓN | |
| Fecha y hora de la última transacción | 20250409140420.0 |
| 007 - PHYSICAL DESCRIPTION FIXED FIELD--GENERAL INFORMAT | |
| Campo fijo de descripción física | cr ||||||||||| |
| 008 - CAMPO FIJO DE DESCRIPCIÓN FIJA--INFORMACIÓN GENERAL | |
| Códigos de información de longitud fija | 250402c1946 fr qr|p||t||| 0|||||fre d |
| 022 ## - ISSN (INTERNATIONAL STANDARD SERIAL NUMBER) | |
| Número Internacional Normalizado para Publicaciones Seriadas | 0395-2649 |
| 022 ## - ISSN (INTERNATIONAL STANDARD SERIAL NUMBER) | |
| Número Internacional Normalizado para Publicaciones Seriadas | 1953-8146 (ISSNe) |
| 040 ## - FUENTE DE CATALOGACIÓN | |
| Centro catalogador de origen | ES-MaCES |
| Lengua de catalogación | spa |
| Centro transcriptor | ES-MaCES |
| 245 00 - MENCIÓN DE TÍTULO | |
| Título | Annales |
| Resto del título | : Histoire, Sciences sociales |
| Medio | Recurso electrónico |
| 260 ## - PUBLICACIÓN, DISTRIBUCIÓN, ETC (PIE DE IMPRENTA) | |
| Lugar de publicación, distribución, etc. | Paris |
| Nombre del editor, distribuidor, etc. | Armand Colin |
| Fecha de publicación, distribución, etc. | 1946- |
| 300 ## - DESCRIPCIÓN FÍSICA | |
| Extensión | v. |
| 310 ## - PERIODICIDAD ACTUAL DE LA PUBLICACIÓN | |
| Periodicidad actual | Trimestal |
| Fecha de comienzo de la periodicidad actual | 2011- |
| 321 ## - PERIODICIDAD ANTERIOR DE LA PUBLICACIÓN | |
| Periodicidad anterior | Trimestral |
| Fechas de la periodicidad anterior | 1946-1959 |
| 321 ## - PERIODICIDAD ANTERIOR DE LA PUBLICACIÓN | |
| Periodicidad anterior | Bimestral |
| Fechas de la periodicidad anterior | 1960-2010 |
| 362 ## - DATOS DE LA PUBLICACIÓN Y/O DESIGNACIÓN SECUENCIAL | |
| Fecha de publicación y;o designación secuencial | 1ère année, n. 1 (1946)- |
| 541 ## - NOTA DE LA FUENTE INMEDIANTE DE ADQUISICIÓN | |
| Forma de adquisición | Gratuito |
| 580 ## - NOTA DE RELACIÓN COMPLEJA DEL ASIENTO RELACIONADO | |
| Nota de relación compleja | Título anterior: Annales d'histoire sociale (1945) |
| 650 #4 - ASIENTO SECUNDARIO DE MATERIA--TÉRMINO DE MATERIA | |
| 9 (RLIN) | 27257 |
| Término de materia o nombre geográfico como elemento inicial | sociología |
| 650 #4 - ASIENTO SECUNDARIO DE MATERIA--TÉRMINO DE MATERIA | |
| 9 (RLIN) | 27251 |
| Término de materia o nombre geográfico como elemento inicial | historia |
| 653 10 - TÉRMINO DE INDEXACIÓN--NO CONTROLADO | |
| Término no controlado | Ciencias Sociales-Políticas |
| 856 41 - ACCESO ELECTRÓNICO | |
| Identificador Uniforme del Recurso (URI) | https://www.cambridge.org/core/journals/annales-histoire-sciences-sociales/all-issues |
| Texto del enlace | texto completo desde vol. 1, n. 1 (1946), carencia de 4 años |
| Nota pública | Acceso desde la IP del CES |
| 942 ## - ELEMENTOS KOHA | |
| Fuente de clasificaión o esquema | Clasificación propia del CES |
| Koha [por defecto] tipo de item | Periódicas |
| Parte de clasificación | Ciencias Sociales Politicas Empresariale |
No hay ítems disponibles.
